Т. 1: 1955-1959; Собрание сочинений; Страна багровых туч; Извне; Спонтанный рефлекс; Человек из Пасифиды; Шесть спичек; Испытание "СКИБР"; Забытый эксперимент; Частные предложения; Чрезвычайное происшествие; Путь на Амальтею

Dades bibliogràfiques
Parent link:Собрание сочинений: В 11 т./ А. Н. Стругацкий, Б. Н. Стругацкий. Т. 1: 1955-1959 : Страна багровых туч; Извне; Рассказы.— , 2000-.— 966-596-445-3
Altres autors: Стругацкий Б. Н. Борис Натанович, Стругацкий А. Н. Аркадий Натанович
Idioma:rus
Publicat: 2000
TOC:Страна багровых туч; Извне; Спонтанный рефлекс; Человек из Пасифиды; Шесть спичек; Испытание "СКИБР"; Забытый эксперимент; Частные предложения; Чрезвычайное происшествие; Путь на Амальтею;
Matèries:
Format: Llibre
KOHA link:https://koha.lib.tpu.ru/cgi-bin/koha/opac-detail.pl?biblionumber=45524

MARC

LEADER 00000nam2a2200000 4500
001 45524
005 20231101210946.0
010 |a 9665964461 
010 |a 5-7921-0379-8 
035 |a (RuTPU)RU\TPU\book\47390 
090 |a 45524 
100 |a 20021211d2000 m y0rusy50 ca 
101 0 |a rus 
102 |a UA  |a RU 
105 |a y z 000ay 
200 0 |a Т. 1: 1955-1959 
210 |d 2000 
215 |a 665 с. 
461 1 |0 (RuTPU)RU\TPU\book\48190  |y 966-596-445-3  |t Собрание сочинений  |o В 11 т.  |f А. Н. Стругацкий, Б. Н. Стругацкий  |v Т. 1: 1955-1959 : Страна багровых туч; Извне; Рассказы  |d 2000- 
464 |t Страна багровых туч; Извне; Спонтанный рефлекс; Человек из Пасифиды; Шесть спичек; Испытание "СКИБР"; Забытый эксперимент; Частные предложения; Чрезвычайное происшествие; Путь на Амальтею 
610 1 |a рассказы 
610 1 |a повести 
610 1 |a фантастика 
675 |a Р2  |v 3 
701 1 |a Стругацкий  |b Б. Н.  |c русский писатель  |c фантаст  |f 1933-  |g Борис Натанович  |2 stltpush  |3 (RuTPU)RU\TPU\pers\14616  |9 4855 
701 1 |a Стругацкий  |b А. Н.  |c русский писатель  |c фантаст  |f 1925-1991  |g Аркадий Натанович  |2 stltpush  |3 (RuTPU)RU\TPU\pers\14615  |9 4854 
801 1 |a RU  |b 63413507  |c 20021211  |g PSBO 
801 2 |a RU  |b 63413507  |c 20180322  |g PSBO 
942 |c BK